| 000 | 00655nam a2200253Ia 4500 | ||
|---|---|---|---|
| 008 | 170203s9999 xx 000 0 und d | ||
| 020 | _a0 753407930 | ||
| 050 | _a0 30 | ||
| 050 | _bM178q 2000 | ||
| 100 | _aMadgwick, Wendy, 1946- | ||
| 245 | _aDinosaur / | ||
| 245 | _cWendy Madgwick. | ||
| 260 | _bGrolier, | ||
| 260 | _c2000 | ||
| 300 | _a40 pages : | ||
| 300 | _bcolor illustrations ; | ||
| 300 | _c28 cm. | ||
| 440 | _aQuestions and answers. | ||
| 440 | _vvol. 3 | ||
| 500 | _aArbitrarily numbered. | ||
| 650 | _aChildren's questions and answers. | ||
| 650 | _aDinosaurs -- Miscellanea -- | ||
| 650 | _xJuvenile literature. | ||
| 999 |
_c305643 _d305643 |
||